<?xml version="1.0" encoding="UTF-8"?><?xml-stylesheet type="text/xsl" href="static/style.xsl"?><OAI-PMH xmlns="http://www.openarchives.org/OAI/2.0/" xmlns:xsi="http://www.w3.org/2001/XMLSchema-instance" xsi:schemaLocation="http://www.openarchives.org/OAI/2.0/ http://www.openarchives.org/OAI/2.0/OAI-PMH.xsd"><responseDate>2026-06-29T02:43:20Z</responseDate><request verb="GetRecord" identifier="oai:docta.ucm.es:20.500.14352/130796" metadataPrefix="marc">https://docta.ucm.es/rest/oai/request</request><GetRecord><record><header><identifier>oai:docta.ucm.es:20.500.14352/130796</identifier><datestamp>2026-01-23T01:08:08Z</datestamp><setSpec>com_20.500.14352_14</setSpec><setSpec>col_20.500.14352_22</setSpec></header><metadata><record xmlns="http://www.loc.gov/MARC21/slim" xmlns:dcterms="http://purl.org/dc/terms/" xmlns:xsi="http://www.w3.org/2001/XMLSchema-instance" xmlns:doc="http://www.lyncode.com/xoai" xsi:schemaLocation="http://www.loc.gov/MARC21/slim http://www.loc.gov/standards/marcxml/schema/MARC21slim.xsd">
   <leader>00925njm 22002777a 4500</leader>
   <datafield ind2=" " ind1=" " tag="042">
      <subfield code="a">dc</subfield>
   </datafield>
   <datafield ind2=" " ind1=" " tag="720">
      <subfield code="a">Herrero Domínguez-Berrueta, María del Carmen</subfield>
      <subfield code="e">author</subfield>
   </datafield>
   <datafield ind2=" " ind1=" " tag="260">
      <subfield code="c">2025-01-22</subfield>
   </datafield>
   <datafield ind2=" " ind1=" " tag="520">
      <subfield code="a">El escenario actual de creciente envejecimiento de la población muestra un incremento progresivo de la prevalencia de patologías crónicas y de situaciones de multimorbilidad, especialmente en los estratos de edad más avanzada. La multimorbilidad habitualmente implica mayor polimedicación en pacientes crónicos, y esto constituye un problema de salud pública de primer orden, no solo por la prevalencia de polimedicación o por sus consecuencias, que entre los pacientes frágiles o de muy avanzada edad se sitúa alrededor del 70%, sino también por ser un fenómeno en aumento, y que conduce a mayor riesgo de experimentar Problemas Relacionados con los Medicamentos (PRM) y Prescripción Potencialmente Inapropiada (PPI)...</subfield>
   </datafield>
   <datafield ind2=" " ind1=" " tag="520">
      <subfield code="a">The current scenario of an aging population reveals a progressive increase in the prevalence of chronic conditions and multimorbidity, particularly among the oldest age groups. Multimorbidity often entails greater polypharmacy in chronic patients, which represents a major public health issue—not only due to the high prevalence of polypharmacy, estimated by some studies to affect around 70% of frail or very elderly patients, and its consequences but also because it is a growing phenomenon. This trend leads to a higher risk of experiencing Medication-Related Problems (MRPs) and Potentially Inappropriate Prescriptions (PIPs)...</subfield>
   </datafield>
   <datafield ind1="8" ind2=" " tag="024">
      <subfield code="a">https://hdl.handle.net/20.500.14352/130796</subfield>
   </datafield>
   <datafield ind2="0" ind1="0" tag="245">
      <subfield code="a">Valoración integral de la farmacoterapia en el paciente mayor por el Farmacéutico de Atención Primaria : comparación de dos modelos de revisión</subfield>
   </datafield>
</record></metadata></record></GetRecord></OAI-PMH>